[Event "Leiden SB-ch"]
[Site "Leiden"]
[Date "2002.06.11"]
[Round "4"]
[White "Fleur, R."]
[Black "Irwin, Mark"]
[Result "0-1"]
[WhiteElo "1628"]
[BlackElo "2181"]
[PlyCount "62"]
[EventDate "2002.05.21"]
[EventType "swiss"]
[EventRounds "7"]
[EventCountry "NED"]
[SourceTitle "EXT 2003"]
[Source "ChessBase"]
[SourceDate "2002.11.25"]
[SourceVersion "1"]
[SourceVersionDate "2002.11.25"]
[SourceQuality "1"]

1. d4 Nf6 2. c4 c5 3. d5 e6 4. Nc3 exd5 5. cxd5 d6 6. e4 g6 7. Nf3 Bg7 8. Bd3 a6 9. a4 Bg4 10. h3 Bxf3 11. Qxf3 0-0 12. 0-0 Nbd7 13. Bf4 Qc7 14. Qd1 Rfe8 15. Re1 c4 16. Bf1 Rab8 17. Kh1 b5 18. axb5 axb5 19. Qc2 Nc5 20. f3 Qe7 21. Qf2 Nh5 22. Bh2 Be5 23. g4 Nf4 24. Bxf4 Bxf4 25. Red1 Be5 26. Na2 Qf6 27. Rab1 Nxe4 28. Qg2 Ng3+ 29. Kg1 Bd4+ 30. Kh2 Nxf1+ 31. Qxf1 Qf4+ 0-1